000 00309nam a2200133Ia 4500
008 191201s2010 xx 000 0 und d
100 _aMALHOTRA, Priyanka
245 0 _aVaastu Luxury
250 _aRep
260 _aAgra
_bIcon Publication
_c2010
300 _a80
650 _aGeneral Books
942 _2ddc
_cBK
999 _c4557
_d4557